Pronósticos de caudales horarios mediante el filtro de Kalman discreto y filtro de Kalman de conjunto en la cuenca del río Huaynamota, México / (Record no. 217840)
[ view plain ]
| 000 -CABECERA | |
|---|---|
| campo de control de longitud fija | 02779nam a22002777a 4500 |
| 003 - IDENTIFICADOR DEL NÚMERO DE CONTROL | |
| campo de control | OSt |
| 005 - FECHA Y HORA DE LA ÚLTIMA TRANSACCIÓN | |
| campo de control | 20251027100237.0 |
| 007 - CAMPO FIJO DE DESCRIPCIÓN FÍSICA--INFORMACIÓN GENERAL | |
| campo de control de longitud fija | cr ||||||a|c|a |
| 008 - DATOS DE LONGITUD FIJA--INFORMACIÓN GENERAL | |
| campo de control de longitud fija | 221118s2021 mx a|||fom||| 001 0 spa d |
| 040 ## - FUENTE DE LA CATALOGACIÓN | |
| Normas de descripción | rda |
| 100 1# - ENTRADA PRINCIPAL--NOMBRE DE PERSONA | |
| 9 (RLIN) | 185673 |
| Nombre de persona | Narváez Ortiz, Ildefonso |
| 245 1# - MENCIÓN DE TÍTULO | |
| Título | Pronósticos de caudales horarios mediante el filtro de Kalman discreto y filtro de Kalman de conjunto en la cuenca del río Huaynamota, México / |
| Mención de responsabilidad, etc. | por Ildefonso Narváez Ortiz, director de tesis Laura Alicia Ibáñez Castillo. |
| 264 #1 - PRODUCCIÓN, PUBLICACIÓN, DISTRIBUCIÓN, FABRICACIÓN Y COPYRIGHT | |
| Producción, publicación, distribución, fabricación y copyright | Chapingo, México : |
| Nombre del de productor, editor, distribuidor, fabricante | El autor, |
| Fecha de producción, publicación, distribución, fabricación o copyright | 2021. |
| 300 ## - DESCRIPCIÓN FÍSICA | |
| Extensión | 1 recurso en línea (105 páginas). |
| Otras características físicas | cuadros, figuras. |
| 336 ## - TIPO DE CONTENIDO | |
| Fuente | rdacontent |
| Término de tipo de contenido | texto |
| Código de tipo de contenido | txt |
| 337 ## - TIPO DE MEDIO | |
| Fuente | rdamedia |
| Nombre/término del tipo de medio | computadora |
| Código del tipo de medio | c |
| 338 ## - TIPO DE SOPORTE | |
| Fuente | rdacarrier |
| Nombre/término del tipo de soporte | recurso en línea |
| Código del tipo de soporte | cr |
| 502 ## - NOTA DE TESIS | |
| Tipo de título | Doctorado en Ingeniería Agrícola y Uso Integral del Agua |
| Nombre de la institución que otorga el título | Departamento de Irrigación y Departamento de Ingeniería Mecánica Agrícola, |
| Año de obtención del título | 2021. |
| Información miscelánea | Doctorado |
| 504 ## - NOTA DE BIBLIOGRAFÍA, ETC. | |
| Nota de bibliografía, etc. | Incluye referencias bibliográficas: páginas 54-56,72-75,78-91. |
| 520 ## - SUMARIO, ETC. | |
| Sumario, etc. | La asimilación de datos integrada para el pronóstico de caudales puede brindar flexibilidad y reducción de errores sistemáticos en los modelos. En este trabajo se evalúan la capacidad predictiva del filtro de Kalman discreto, filtro de Kalman de conjuntos y su integración, utilizando registros horarios de caudal de las estaciones Chapalagana y Platanitos ubicadas sobre el rio Huaynamota, región hidrológica 12. La cuenca se ubica al noroeste de la República mexicana y se comparte entre los estados de Durango, Nayarit, Zacatecas y Jalisco. Para el análisis se utilizaron series con 1360 registros horarios del año 2017 comprendidos entre el 02 de agosto a las 9:00 horas hasta el 28 de septiembre a las 0:00 horas. Se realizaron pronósticos a 1, 2, 3, 4, 5 y 6 pasos hacia adelante, combinados con tamaños de conjunto de 5, 8, 10, 20, 50 y 100 miembros utilizando caudales de la estación Platanitos como variable exógena. El ajuste entre la serie observada y las pronosticadas se estimó mediante el coeficiente de Nash-Sutcliffe y la Raíz del Cuadrado Medio del Error para determinar que el filtro de Kalman discreto alcanza mejor ajuste y actualización con base en el tiempo de retraso entre series. El filtro de Kalman de conjuntos genera un suavizado de la serie pronosticada, y al igual que la integración de filtros aumenta el efecto de desplazamiento de la serie pronosticada. El filtro de Kalman discreto alcanza ajuste superior a ARX y a la combinación ARX-DKF. |
| 650 #4 - PUNTO DE ACCESO ADICIONAL DE MATERIA--TÉRMINO DE MATERIA | |
| 9 (RLIN) | 132176 |
| Término de materia o nombre geográfico como elemento de entrada | Cuencas hidrológicas |
| Subdivisión general | Escurrimientos |
| -- | Modelos matemáticos |
| 650 #4 - PUNTO DE ACCESO ADICIONAL DE MATERIA--TÉRMINO DE MATERIA | |
| 9 (RLIN) | 131602 |
| Término de materia o nombre geográfico como elemento de entrada | Cuencas |
| Subdivisión general | Escurrimientos |
| -- | Medición |
| 700 0# - PUNTO DE ACCESO ADICIONAL--NOMBRE DE PERSONA | |
| 9 (RLIN) | 57233 |
| Nombre de persona | Ibáñez Castillo, Laura Alicia |
| Término indicativo de función/relación | Director de tesis. |
| 856 ## - LOCALIZACIÓN Y ACCESO ELECTRÓNICOS | |
| Identificador Uniforme del Recurso | http://10.13.5.2/tesis/td/2021_IM_Narvaez_Ortiz_Ildefonso.pdf |
| Nota pública | DESCARGAR PDF |
| 942 ## - ELEMENTOS DE PUNTO DE ACCESO ADICIONAL (KOHA) | |
| Fuente del sistema de clasificación o colocación | Clasificación Universidad Autónoma Chapingo |
| Tipo de ítem Koha | Tesis digital |
| Estado de retiro | Estado de pérdida | Fuente del sistema de clasificación o colocación | Estado dañado | Restricciones de uso | No para préstamo | Código de colección | Localización permanente | Ubicación/localización actual | Ubicación en estantería | Fecha de adquisición | Total de préstamos | Signatura topográfica completa | Fecha visto por última vez | Precio válido a partir de | Tipo de ítem Koha |
|---|---|---|---|---|---|---|---|---|---|---|---|---|---|---|---|
| Clasificación Universidad Autónoma de Chapingo | Préstamo interno | Tesis digitales de Doctorado | Biblioteca Digital | Biblioteca Digital | En línea | 27/01/2023 | Tesis digital | 27/01/2023 | 27/01/2023 | Tesis digital |
